Lyndon B. Johnson Trivia - Statistics

General Stats
  • This quiz has been taken 17 times
    15 since last reset
  • The average score is 8 of 10
Answer Stats
# Questions Answer % Correct
4 What political party was Johnson a member of? Democratic
100%
2 Who did Johnson serve as vice president? John F. Kennedy
100%
6 Who served as president after Johnson? Richard Nixon
100%
3 What US state was Johnson born in? Texas
92%
5 What does that B in his name mean? Baines
85%
1 Who was Johnson's vice president? Hubert Humphrey
85%
7 What was the nickname of Johnson's wife, Claudia Taylor Lady Bird
85%
10 Johnson made what program which landed men on the moonin 1969? ____ Program Apollo
77%
8 Who did Johnson win a landslide against in the 1964 election? Goldwater
69%
9 Johnson signed what bill which led to the form of Medicade andMedicare Social Security Amendments of 1965
8%
No matching quizzes found
Score Distribution
Percent of People with Each Score
Percentile by Number Answered
Your Score History
You have not taken this quiz since the last reset